Britney Lyrics - Statistics

General Stats
  • This quiz has been taken 481 times
  • The average score is 13 of 28
Answer Stats
Hint Answer % Correct
My lonliness, is killing me ...Baby One More Time
89%
My lonliness ain't killin me no more Stronger
82%
I'm so excited, I'm in too deep (You Drive Me) Crazy
72%
I think I'm ready now Toxic
66%
Triple fun that way 3
64%
I make believe, that you are here Everytime
61%
I'll never tell, tell on myself Perfume
57%
But the stars, in the sky Alien
53%
I'm touchin' hands with someone seriously beautiful He About to Lose Me
52%
Leavin' behind my name and age I'm a Slave 4 U
52%
I'm sorry for running away like this Cinderella
46%
Won't stop 'til you breathe heavy Body Ache
41%
You're the only one who ever drove me crazy Inside Out
41%
Let's pretend, that I've moved on I Run Away
41%
I'm just a crazy kind of girl, I'll tell it to the world (I've Just Begun) Having My Fun
41%
Was it really worth it, was she everything Shattered Glass
40%
I don't wanna let you back in Lonely
39%
How was I to know, I'd miss you so From the Bottom of My Broken Heart
38%
I sent you to Vegas with a pocket full of paper Why Should I Be Sad
38%
I'm just a girl, with a crush on you Can't Make You Love Me
37%
When I'm completely yours and you are min Bombastic Love
35%
The clock is tickin' and we can't stop Soda Pop
34%
It's gettin' hectic in here Chaotic
30%
But you know I'm just your type Hold it Against Me
28%
Believe me, you'll be looking for trouble What U See (Is What U Get)
23%
I feel the rush, coming over me over me And Then We Kiss
18%
Watchin' me, all night long (I Got That) Boom Boom
18%
I'm in love with all the things you do Perfect Lover
15%
No matching quizzes found
Score Distribution
Percent of People with Each Score
Percentile by Number Answered
Your Score History
You have not taken this quiz